| 000 | 00521nam a2200193Ia 4500 | ||
|---|---|---|---|
| 008 | 210423s2012 xx 000 0 und d | ||
| 020 | _a978-0-07-060460-5 | ||
| 041 | _aeng | ||
| 082 | _a543.07 KHAH | ||
| 100 | _aKHANDPUR (R S) | ||
| 245 | _aHandbook of analytical instruments Ed 2 | ||
| 250 | _a2 | ||
| 260 |
_aNew Delhi _bTata McGraw-hill _c2012 |
||
| 300 |
_axxii,770 _bPB |
||
| 365 |
_b750 _cINR |
||
| 650 | _aAnalytical Chemistry | ||
| 650 | _aChemistry | ||
| 906 | _aanalytical ; Ed ; Handbook ; instruments | ||
| 999 |
_c165144 _d165144 |
||